Molecular Biology of the Cell (Record no. 3858)

MARC details
000 -LEADER
fixed length control field 00966cam a22003014a 4500
001 - CONTROL NUMBER
control field 12556006
003 - CONTROL NUMBER IDENTIFIER
control field OSt
005 - DATE AND TIME OF LATEST TRANSACTION
control field 20180314141404.0
008 - FIXED-LENGTH DATA ELEMENTS--GENERAL INFORMATION
fixed length control field 011004s2002 nyua b 001 0 eng
010 ## - LIBRARY OF CONGRESS CONTROL NUMBER
LC control number 2001054471
020 ## - INTERNATIONAL STANDARD BOOK NUMBER
International Standard Book Number 0815332181 (hardbound)
020 ## - INTERNATIONAL STANDARD BOOK NUMBER
International Standard Book Number 0815340729 (pbk.)
040 ## - CATALOGING SOURCE
Original cataloging agency DLC
Transcribing agency DLC
Modifying agency DLC
042 ## - AUTHENTICATION CODE
Authentication code pcc
050 00 - LIBRARY OF CONGRESS CALL NUMBER
Classification number QH581.2
Item number .M64 2002
082 00 - DEWEY DECIMAL CLASSIFICATION NUMBER
Classification number 571.6
Edition number 21
Item number MOL 2002
100 ## - MAIN ENTRY--PERSONAL NAME
Personal name Bruce, Alberts [et al.].
9 (RLIN) 12522
245 00 - TITLE STATEMENT
Title Molecular Biology of the Cell
250 ## - EDITION STATEMENT
Edition statement 4th ed.
260 ## - PUBLICATION, DISTRIBUTION, ETC. (IMPRINT)
Place of publication, distribution, etc. New York :
Name of publisher, distributor, etc. Garland Science,
Date of publication, distribution, etc. 2002.
300 ## - PHYSICAL DESCRIPTION
Extent xxxiv, [1548] p. :
Other physical details col.ill ;
Dimensions 29 cm. +
Accompanying material 1 CD-ROM (4 3/4 in.)
504 ## - BIBLIOGRAPHY, ETC. NOTE
Bibliography, etc Includes bibliographical references and index.
650 #0 - SUBJECT ADDED ENTRY--TOPICAL TERM
Topical term or geographic name as entry element Cytology.
9 (RLIN) 940
650 #0 - SUBJECT ADDED ENTRY--TOPICAL TERM
Topical term or geographic name as entry element Molecular biology.
9 (RLIN) 8420
856 42 - ELECTRONIC LOCATION AND ACCESS
Materials specified Publisher description
Uniform Resource Identifier http://www.loc.gov/catdir/enhancements/fy0652/2001054471-d.html
906 ## - LOCAL DATA ELEMENT F, LDF (RLIN)
a 7
b cbc
c orignew
d 1
e ocip
f 20
g y-gencatlg
942 ## - ADDED ENTRY ELEMENTS (KOHA)
Source of classification or shelving scheme Dewey Decimal Classification
Koha item type Short Loan
Holdings
Withdrawn status Lost status Source of classification or shelving scheme Damaged status Not for loan Home library Current library Date acquired Source of acquisition Inventory number Total Checkouts Full call number Barcode Date last seen Koha item type Date last checked out Price effective from
    Dewey Decimal Classification     MUST Main Library MUST Main Library 03/05/2016   03/19052   571.6 MOL 2002 2016-1559 03/05/2016 Short Loan    
    Dewey Decimal Classification     MUST Main Library MUST Main Library 29/08/2016   05/23515 3 571.6 MOL 2002 2016-3847 24/09/2019 Open Shelf 06/09/2019  
    Dewey Decimal Classification     MUST Main Library MUST Main Library 29/08/2016   05/23512 2 571.6 MOL 2002 2016-3848 23/04/2021 Open Shelf 09/04/2021  
    Dewey Decimal Classification     MUST Main Library MUST Main Library 15/09/2016   04/21125 2 571.6 MOL 2002 2016-4228 17/04/2021 Open Shelf 29/03/2021 15/09/2016
    Dewey Decimal Classification     MUST Main Library MUST Main Library 20/09/2016   04/21554 4 571.6 MOL 2002 2016-4395 12/09/2025 Open Shelf 28/08/2025 20/09/2016